Coping skills and academic performance mainstreamed LRU students. (Record no. 96318)
[ view plain ]
| 000 -LEADER | |
|---|---|
| fixed length control field | 00309nam a2200109 a 4500 |
| 005 - DATE AND TIME OF LATEST TRANSACTION | |
| control field | 20140408090024.0 |
| 008 - FIXED-LENGTH DATA ELEMENTS--GENERAL INFORMATION | |
| fixed length control field | 021121s19uu xx 00 eng d |
| 050 ## - LIBRARY OF CONGRESS CALL NUMBER | |
| Classification number | PHS '00 |
| Item number | Id2 #16 |
| 100 ## - MAIN ENTRY--PERSONAL NAME | |
| Personal name | Ide, Natsuko Akaike |
| 245 ## - TITLE STATEMENT | |
| Title | Coping skills and academic performance mainstreamed LRU students. |
| 942 ## - ADDED ENTRY ELEMENTS (KOHA) | |
| Koha item type | PASS |
| Withdrawn status | Lost status | Damaged status | Home library | Current library | Shelving location | Date acquired | Source of acquisition | Total Checkouts | Full call number | Barcode | Date last seen | Price effective from | Koha item type |
|---|---|---|---|---|---|---|---|---|---|---|---|---|---|
| Luxembourg Library | Luxembourg Library | Portfolio Assessment of SISC Students Section | 11/21/2002 | PHS '00 Id2 #16 | P0256 | 04/08/2014 | 04/08/2014 | PASS |